000 00509pab a2200181 454500
008 180718b2002 xxu||||| |||| 00| 0 eng d
100 _aRhoades, D.A.
245 _aVolcanic hazard in Newzealand: scaling and attenuation relations for tephra fall deposits from taupo volcano
260 _c2002
300 _ap.147-74.
362 _aJun
650 _aVolcanoes - NewZealand
650 _aVolcanoes
700 _aWilson, C.J.N.
700 _aDowrick, D.J.
773 _aNatural Hazards
909 _a53594
999 _c53594
_d53594